• 首页
  • 本馆介绍
  • 公告通知
  • 最新文献
  • 馆藏检索
  • 电子资源
  • 读者导购
  • 参考咨询
  • 我的图书馆
  • 登录
  • 详细信息显示
  • 放入我的书架
  • 预约/预借图书
  • 作者相关作品
  • 分类相关作品
  • 丛书相关作品
  • 出版社相关作品

书目信息

  • 表格格式
  • 工作单格式
  • 卡片格式
题名:
社会文教行政财务制度摘编
    
 
作者: ;财政部文教行政财务司 编
分册:  
出版信息: 北京   中国财政经济出版社  1979
页数: 470页
开本: 19cm
丛书名:
单 册:
中图分类: F812.82
科图分类:
主题词: 文化事业-财务制度--中国--选编 , 财务制度-教育行政--中国--选编 , 财政 , 财务制度-文化事业--中国--选编 , 教育行政-财务制度--中国--选编
电子资源:
ISBN:
000 00860nam0 2200277 45
001 0179007808
005 20060818083818.26
010    @dCNY1.20
091    @a4166.120
100    @a19950714d1979 em y0chiy0121 ea
101 0  @achi
102    @aCN@b110000
105    @ay z 000yy
200 10 @a社会文教行政财务制度摘编@Ashe hui wen jiao xing zheng cai wu zhi du zhaibian@f财政部文教行政财务司编
210    @a北京@c中国财政经济出版社@d1979
215    @a470页@d19cm
300    @a国内发行
606    @a文化事业-财务制度@y中国@x选编
606    @a财务制度-教育行政@y中国@x选编
606 0  @a财政
606    @a财务制度-文化事业@y中国@x选编
606    @a教育行政-财务制度@y中国@x选编
690    @aF812.82
711 02 @a财政部文教行政财务司@Acai zheng bu wen jiao xing zheng cai wu si@4编
801  0 @aCN@bNLC@c20060818
905    @f1@b24761@dF812.82@e1
    
    社会文教行政财务制度摘编/财政部文教行政财务司编.-北京:中国财政经济出版社,1979
    470页;19cm
    国内发行
    
    ISBN :CNY1.20
    
●
相关链接 在E读中查询图书 在五车中查询图书 在当当中查询图书 在豆瓣中查询图书


正题名:社会文教行政财务制度摘编     索取号:F812.82/1         预约/预借

序号 登录号 条形码 馆藏地/架位号 状态 备注
1 0024761   000490775   第一样本阅览室/ [索取号:F812.82/1] 在馆    
2 0441703   204417032   密集书库/ [索取号:F812.82/1] 在馆    
3 0465571   204655710   密集书库/ [索取号:F812.82/1] 在馆    
唐山师范学院图书馆 欢迎您!
大连网信软件有限公司© 版权所有